| 000 | 00766nam a2200241 i 4500 | ||
|---|---|---|---|
| 001 | 184846 | ||
| 003 | ES-MaACL | ||
| 005 | 20260507121457.0 | ||
| 008 | 160204s1986 sp |||| | spa d | ||
| 020 | _a84-204-2312-2 | ||
| 080 | _a821.111(417)-34"19" | ||
| 100 | 1 |
_aYeats, W. B., _d1865-1939 _9242374 |
|
| 245 | 1 | 3 |
_aEl crepúsculo celta / _cW.B. Yeats ; traducción de Javier Marías. |
| 250 | _a6ª ed. | ||
| 260 |
_aMadrid : _bAlfaguara, _c1986. |
||
| 300 |
_a194 p. ; _c20 cm. |
||
| 490 | 1 |
_aLiteratura Alfaguara ; _v162 |
|
| 500 | _aÍndice mitológico. | ||
| 700 |
_aMarías, Javier, _d1951-2022 _9239206 |
||
| 830 | 0 |
_aLiteratura Alfaguara ; _v162 _9178100 |
|
| 852 |
_aES-MaACL _jL-30202 _z. - Donat. Miguel A. Velasco |
||
| 999 |
_c184846 _d184846 |
||